| 000 | 00562nac a22001451u 4500 | ||
|---|---|---|---|
| 008 | 090325s2006 xxu||||| |||| 00| 0 ara d | ||
| 020 | _a9770914010 | ||
| 082 |
_a309.162 _bأ م ي |
||
| 245 |
_aماذا حدث للمصريين ؟ : _bتطور المجتمع المصري في نصف قرن 1945 / 1995 / _cجلال أمين |
||
| 260 |
_aالقاهرة : _bدار الشروق ، 2006 _c2006. |
||
| 300 |
_a188 ص ؛ _c24 سم. |
||
| 511 | _aCatalogued by: Sara | ||
| 651 |
_913710 _aمصر _xالأحوال الاجتماعية |
||
| 942 |
_cBB _k309.162 أ م ي _2ddc |
||
| 999 |
_c5617 _d5617 |
||